000 00459nam a22001817a 4500
999 _c9712
_d9712
003 GBCCL
005 20241126110717.0
008 230626b ||||| |||| 00| 0 eng d
020 _a9789385194542
040 _cgbc
082 _a813.54
_bWAL
100 _aWallace, Carol
_916875
245 _aBen-Hur :
_ba tale of the Christ
260 _aHyderabad :
_bGS Books,
_c2016
300 _a409p. ;
650 _a Jesus Christ
_vFiction
_916876
942 _2ddc
_cBK